000 00842cam a22002291 4500
999 _c26938
_d26938
001 755288
005 20170207093614.0
008 740606r19671920nyucf 000 0aeng
010 _a 67021705
040 _aDLC
_cDLC
_dDLC
050 0 0 _aNC1115
_b.B32 1967a
100 1 _aBeardsley, Aubrey,
_d1872-1898.
245 1 4 _aThe early work of Aubrey Beardsley/
_cWith prefatory note by H. C. Marillier.
260 _a[New York] :
_bDover Publications,
_c[1967]
300 _a15 p., 157 plates (incl. ports.) ;
_c28 cm.
500 _a"An unabridged republication of the revised 1920 edition."
700 1 _aMarillier, H. C.
_q(Henry Currie),
_d1865-1951.
906 _a7
_bcbc
_corignew
_du
_eocip
_f19
_gy-gencatlg
942 _2lcc
_cBOOKS
_hNC 1115 .B32 1967